[Event "ESP-ch U12 rapid"]
[Site "Salobrena"]
[Date "2023.07.16"]
[Round "9"]
[White "Gonzalez Chapado, Dario"]
[Black "Vila Castillo, Jaime"]
[Result "1-0"]
[WhiteElo "1526"]
[BlackElo "1218"]
[PlyCount "49"]
[EventDate "2023.07.15"]
[EventType "swiss (rapid)"]
[EventRounds "9"]
[EventCountry "ESP"]
[SourceTitle "EXT 2024"]
[Source "ChessBase"]
[SourceDate "2023.10.10"]
[SourceVersion "1"]
[SourceVersionDate "2023.10.10"]
[SourceQuality "1"]

1. d4 Nf6 2. Nc3 d5 3. Bf4 c6 4. e3 Bf5 5. Nf3 e6 6. Ne5 Nbd7 7. g4 Bg6 8. h4 h6 9. Nxg6 fxg6 10. Bd3 Kf7 11. Qf3 Qb6 12. 0-0-0 c5 13. dxc5 Nxc5 14. g5 Nxd3+ 15. cxd3 Rc8 16. Be5 Be7 17. gxf6 gxf6 18. Bd4 Qa5 19. Kb1 Rhf8 20. h5 g5 21. Ne2 b5 22. e4 dxe4 23. Qxe4 e5 24. Bxe5 fxe5 25. Qg6# 1-0

[Event "ESP-ch U12"]
[Site "Salobrena"]
[Date "2023.07.10"]
[Round "1"]
[White "Camacho Valadez, Marta"]
[Black "Vila Castillo, Jaime"]
[Result "1/2-1/2"]
[WhiteElo "1194"]
[BlackElo "1574"]
[PlyCount "118"]
[EventDate "2023.07.10"]
[EventType "swiss"]
[EventRounds "9"]
[EventCountry "ESP"]
[SourceTitle "EXT 2024"]
[Source "ChessBase"]
[SourceDate "2023.10.10"]
[SourceVersion "1"]
[SourceVersionDate "2023.10.10"]
[SourceQuality "1"]

1. d4 Nf6 2. Nf3 d5 3. Bf4 e6 4. e3 Bd6 5. Bg3 b6 6. c3 Bb7 7. Nbd2 Bxg3 8. hxg3 Nbd7 9. Bd3 c5 10. Ne5 Nxe5 11. dxe5 Nd7 12. Nf3 Qc7 13. Ng5 h6 14. f4 c4 15. Qh5 Nc5 16. Bc2 g6 17. Bxg6 fxg6 18. Qxg6+ Kd7 19. Nf3 Rag8 20. Qf7+ Kc8 21. Qf6 Qg7 22. Qxg7 Rxg7 23. Ng5 Kd7 24. 0-0-0 Nd3+ 25. Rxd3 cxd3 26. Kd2 Rgg8 27. Nf7 Rh7 28. Ng5 Rhg7 29. Rxh6 Rg6 30. Rh7+ R8g7 31. Rh8 Rxg5 32. fxg5 Rxg5 33. Rh7+ Kc6 34. b4 Bc8 35. a4 Bd7 36. Kxd3 Rxg3 37. Ke2 Rxg2+ 38. Kf3 Rc2 39. b5+ Kc7 40. Kf4 Rxc3 41. Rg7 Rc4+ 42. Kf3 Rxa4 43. Ke2 Rb4 44. Kd3 Rxb5 45. Kc3 a5 46. Rg1 a4 47. Ra1 Rb3+ 48. Kd2 a3 49. Kc2 Rxe3 50. Kd2 Rxe5 51. Kc2 Re3 52. Kd2 d4 53. Kc2 b5 54. Kd2 b4 55. Kc2 b3+ 56. Kd2 b2 57. Rb1 a2 58. Rh1 b1Q 59. Rxb1 axb1Q 1/2-1/2